Viridarii adriatici elysia, oder deß um den venetianischen Golfo florierenden Lust-Gartens schönes Lust-Hauß (Record no. 8805)

MARC details
000 -CABECERA
campo de control de longitud fija 00668nam a2200181 a 4500
001 - NÚMERO DE CONTROL
campo de control BRCA_9158
005 - FECHA Y HORA DE LA ÚLTIMA TRANSACCIÓN
campo de control 20190321142936.0
008 - DATOS DE LONGITUD FIJA--INFORMACIÓN GENERAL
campo de control de longitud fija 270918s1687----gw-a######---#000-0#ger-#
041 ## - CÓDIGO DE LENGUA
Código de lengua del texto/banda sonora o título independiente ger
044 ## - CÓDIGO DEL PAÍS DE LA ENTIDAD EDITORA/PRODUCTORA
Código MARC del país gw
050 #4 - SIGNATURA TOPOGRÁFICA DE LA BIBLIOTECA DEL CONGRESO
Número de documento/Ítem .V57 1687
245 10 - MENCIÓN DE TÍTULO
Título Viridarii adriatici elysia, oder deß um den venetianischen Golfo florierenden Lust-Gartens schönes Lust-Hauß
Resto del título so da ist, die in selbigem ligende weltberühmte, grosse Haupt-Statt und mächtige Republic Venedig, deroselben Ursprung ...
260 ## - PUBLICACIÓN, DISTRIBUCIÓN, ETC.
Lugar de publicación, distribución, etc. Augsburgo
Nombre del editor, distribuidor, etc. Jacob Enderlings Buchhandlers
Fecha de publicación, distribución, etc. 1687
300 ## - DESCRIPCIÓN FÍSICA
Extensión 70 p.
Otras características físicas il. 32 láminas, 15 h. plegables
Dimensiones 16 cm.
500 ## - NOTA GENERAL
Nota general CDE16
902 ## - CATALOGADOR
Iniciales GFM
942 ## - ELEMENTOS DE PUNTO DE ACCESO ADICIONAL (KOHA)
Fuente del sistema de clasificación o colocación Library of Congress Classification
Tipo de ítem Koha Libros
Holdings
Estado de retiro Estado de pérdida Estado dañado No para préstamo Localización permanente Ubicación/localización actual Fecha de adquisición Número de inventario Total de préstamos Signatura topográfica completa Código de barras Fecha visto por última vez Precio válido a partir de Tipo de ítem Koha
Activo (en colección)       Biblioteca del Museo Franz Mayer (Rogerio Casas-Alatriste) Biblioteca del Museo Franz Mayer (Rogerio Casas-Alatriste) 27/09/2018 CDE16   .V57 1687 (CDE16) 9937 22/03/2019 22/03/2019 Libros